Por la fuerza sin la razón: análisis y textos de los bandos de la dictadura militar
Uloženo v:
| Hlavní autoři: | , , |
|---|---|
| Médium: | Kniha |
| Jazyk: | španělština |
| Vydáno: |
Santiago, Chile
Lom
1998
|
| Edice: | Colección Septiembre
|
| Témata: | |
| Tagy: |
Přidat tag
Žádné tagy, Buďte první, kdo vytvoří štítek k tomuto záznamu!
|
MARC
| LEADER | 00000nam a2200000 a 4500 | ||
|---|---|---|---|
| 001 | UCP3259 | ||
| 003 | CL-VaPUC | ||
| 005 | 20241213123345.0 | ||
| 008 | 990618e19980000CL |||||||||||||||||spa|d | ||
| 999 | |c 281633 |d 281631 | ||
| 040 | |c Pontificia Universidad Católica de Valparaíso | ||
| 082 | 0 | 4 | |a 343.014 GAR 1998 |2 21 |
| 100 | |a Garretón Merino, Manuel Antonio |e autor |9 617177 | ||
| 245 | 1 | 0 | |a Por la fuerza sin la razón: |b análisis y textos de los bandos de la dictadura militar |
| 260 | |a Santiago, Chile |b Lom |c 1998 | ||
| 300 | |a 100 páginas | ||
| 490 | 0 | |a Colección Septiembre | |
| 583 | |a last modification |c 20120831 12:39:09 |k Rodrigo Vera | ||
| 610 | |2 JUNTA MILITAR |z CHILE |9 856873 | ||
| 650 | 0 | |a Dictadura militar |z CHILE |9 389291 | |
| 650 | 0 | |a Historia de Chile 1973 |y 1973 |9 308179 | |
| 650 | 0 | |a Derecho militar |z CHILE |9 255065 | |
| 700 | 0 | |a Garretón Merino, Roberto |e author |9 430446 | |
| 700 | |a Garretón Merino, Carmen |e author |9 430447 | ||
| 852 | |a BIBCUR | ||
| 942 | |c BK |2 ddc | ||
| 945 | |d 19990618 00:00:00 |a rbrito | ||
| 952 | |0 0 |1 0 |2 ddc |4 0 |6 343_014000000000000_GAR_1998 |7 0 |8 A |9 322525 |a BIBHIS |b BIBHIS |d 2019-11-20 |i 3527611 |o 343.014 GAR 1998 |p 3527611 |r 2025-01-20 |t 1 |w 2019-11-20 |y BK |k HIS | ||
| 952 | |0 0 |1 0 |2 ddc |4 0 |6 343_014000000000000_GAR_1998 |7 0 |8 A |9 322526 |a BIBGIM |b BIBGIM |d 2019-11-20 |i 3895386 |o 343.014 GAR 1998 |p 3895386 |r 2025-01-15 |t 3 |w 2019-11-20 |y BK |k SSL | ||
| 952 | |0 0 |1 0 |2 ddc |4 0 |6 343_014000000000000_GAR_1998 |7 0 |8 A |9 322527 |a BIBHIS |b BIBHIS |d 2019-11-20 |i 4353285 |o 343.014 GAR 1998 |p 4353285 |r 2025-01-20 |t 2 |w 2019-11-20 |y BK |k HIS | ||